00492 a2200157 4500010001400000020002600014035001300040037001500053082001100068100001900079245007500098260004400173270005800217300004000275500001900315 aENG-86225 a9788120332119c350.00 aEN-69758 bDBAD / PUB14a006.76 aScribner, Kenn1 aMicrosoft windows workflow foundation step by step /cby Kenn Scribner aNew DelhibPrentice-Hall of Indiac2007 aM-97, Connaught CircusbNew DelhicNew Delhie110 001 axxviii, 481p.c23cm. (Pbk)eCD-ROM aIncludes index